| 000 | 00608nam a2200169Ia 4500 | ||
|---|---|---|---|
| 008 | 081213s9999 xx 000 0 und d | ||
| 020 | _c071620584X | ||
| 050 |
_aBS1235.3 _b.A46 2004 |
||
| 100 | _aAmos, Clare | ||
| 245 |
_aThe book of Genesis / _cClare Amos |
||
| 260 |
_c2004 _aWerrington : _bEpworth, |
||
| 300 |
_axxv, 289 p. ; _c22 cm |
||
| 440 | _aEpworth commentaries | ||
| 650 |
_aBible O.T. Genesis _bCommentaries |
||
| 942 |
_cBK _2lcc |
||
| 999 |
_c30751 _d30751 |
||